000 01568nam a22003857a 4500
003 CHAP
005 20220329143746.0
008 180711s2011 mx r 00010 spa d
010 _a101540
011 _a102512
035 _a113201
040 _cCHAP
090 _aTesis
100 1 _aMorales Silva, Francisco
_978418
245 1 0 _aEstudio de factibilidad técnico - económico para la instalación de una planta de aprovechamiento de zarzamora (Rubus sp.) en Ziracuaretiro, Michoacán
_h[En línea]
_c/por Francisco Morales Silva
260 _aChapingo, Méx. :
_bEl autor,
_c2011
500 _aPara ver el contenido del material haga clic en la liga
502 _aTesis (Ing. Agroindustrial) -- UACH. Departamento de Ingeniería Agroindustrial
590 _aALEPH
_b10
_c20130110
_lUCH01
_h1541
590 _aBATCH-UPD
_b10
_c20130110
_lUCH01
_h0936
590 _aBATCH-UPD
_b10
_c20130410
_lUCH01
_h0554
590 _aBATCH-UPD
_b10
_c20130914
_lUCH01
_h1302
590 _aBATCH-UPD
_b10
_c20140324
_lUCH01
_h1526
590 _aBATCH-UPD
_b10
_c20141002
_lUCH01
_h0849
590 _aCONVERSION
_b10
_c20130109
_lUCH01
_h1356
650 1 4 _aEmpresas
_zMichoacán.
_936645
650 1 4 _aRubus.
_9100512
650 1 4 _aZarzamora
_xIndustria.
_9123736
650 1 4 _aZarzamora
_xMichoacán.
_9123740
856 _3Finding aid
_uhttp://10.13.5.2/tesis/113201.pdf
_zTeclea aqui
901 _aBK
942 _cFOLL
949 _aTesis
_bBC
_cTES
_d33724002249876
_eTS2
_fc.2
_gDonaciØn
_h52397
_i113201
_st
949 _aTesis
_bBC
_cTES
_d33724002249918
_eTS1
_gDonaciØn
_h52396
_i113201
_st
999 _c101540
_d101540